000 00277nam a22001337a 4500
008 170908b xxu||||| |||| 00| 0 eng d
020 _a0471853585
041 _aeng
080 _a91
100 _a42
101 _aGJEO
245 _ageography
_cBLIJ, H.J.D
942 _2udc
_cBK
999 _c26906
_d26906